独立リーグ在籍経験のある現役選手(2026) - Statistics

General Stats
  • This quiz has been taken 10 times
    2 since last reset
  • The average score is 13 of 79
Answer Stats
シンク河野現所属 独立リーグ歴 ポジション 選手名 % Correct
阪神 富山(2018) 投手 湯浅京己
100%
阪神 高知(2022~24) 捕手 嶋村麟士郎
100%
DeNA 愛媛(2022) 捕手 上甲凌大
100%
阪神 くふう(2024) 投手 早川太貴
50%
阪神 オイシックス(2024~25) 投手 能登嵩都
50%
阪神 高知(18~20) 投手 石井大智
50%
阪神 高知(2024~25) 投手 ドリス
50%
DeNA 高知(2023~24) 投手 若松尚輝
50%
DeNA 徳島(2024) 内野手 加藤響
50%
DeNA 徳島(2022~23) 外野手 井上絢登
50%
巨人 徳島(2014~15) 内野手 増田大輝
50%
中日 栃木(2023) 外野手 尾田剛樹
50%
ヤクルト 火の国(2024) 捕手 中川拓真
50%
ヤクルト 新潟(2023) 内野手 伊藤琉偉
50%
ソフトバンク 高知(2021) 投手 藤井皓哉
50%
ソフトバンク 徳島(2026) 投手 小林樹斗
50%
ソフトバンク 滋賀(2017) 捕手 山本祐大
50%
ソフトバンク 茨城(2024) 捕手 大友宗
50%
楽天 茨城(2024) 内野手 陽柏翔
50%
西武 徳島(2022) 外野手 茶野篤政
50%
西武 徳島(2018~19) 外野手 岸潤一郎
50%
ロッテ 高知(2006) 外野手 角中勝也
50%
ロッテ 富山(2017) 外野手 和田康士朗
50%
阪神 徳島(2023) 投手 椎葉剛
0%
阪神 徳島(2024) 投手 工藤泰成
0%
阪神 富山(2022~23) 投手 松原快
0%
阪神 埼玉(2022~24) 捕手 町田隼乙
0%
阪神 富山(2024) 内野手 佐野大陽
0%
阪神 石川(2020~24) 内野手 川﨑俊哲
0%
阪神 神戸三田・兵庫(2021~25) 外野手 山﨑照英
0%
DeNA 徳島(2021) 捕手 古市尊
0%
DeNA 高知(2019~21)福井(2022) 外野手 濱将乃介
0%
巨人 神奈川(2025) 投手 冨重英二郎
0%
巨人 愛媛(2023) 内野手 宇都宮葵星
0%
巨人 千葉(2023) 内野手 平山功太
0%
巨人 オイシックス(2024~25) 外野手 知念大成
0%
中日 徳島(2024~25) 投手 篠﨑国忠
0%
中日 信濃(2022~23)オイシックス(2024~25) 投手 牧野憲伸
0%
中日 茨城(2023) 投手 土生翔太
0%
中日 茨城(2023) 捕手 日渡騰輝
0%
中日 新潟(2017~18) 内野手 知野直人
0%
中日 埼玉(2021~22) 内野手 樋口正修
0%
中日 大分(2021~23) 内野手 川上理偉
0%
中日 愛媛(2023~25) 外野手 三上愛介
0%
広島 徳島(2024~25) 内野手 岸本大希
0%
ヤクルト 新潟・オイシックス(2022~24) 投手 下川隼輔
0%
ヤクルト 愛媛(2024) 投手 廣澤優
0%
ヤクルト 群馬(2021~22)くふう(2024) 投手 西濱勇星
0%
ヤクルト 愛媛(2021~24) 捕手 矢野泰二郎
0%
ヤクルト 堺(2023~24) 捕手 松本龍之介
0%
ヤクルト 信濃(2019~20) 内野手 赤羽由紘
0%
ヤクルト 信濃(2020~21) 外野手 岩田幸宏
0%
ヤクルト 琉球(2020~21)徳島(2022) 外野手 モンテル
0%
ソフトバンク 徳島(2024) 投手 川口冬弥
0%
ソフトバンク 福島(2021~23) 外野手 大泉周也
0%
日本ハム 埼玉(2019) 投手 松岡洸希
0%
オリックス 埼玉(2023) 投手 芦田丈飛
0%
オリックス 信濃(2022~24) 捕手 田島光祐
0%
オリックス 愛媛(2023) 内野手 河野聡太
0%
オリックス 栃木(2022~24) 内野手 清水武蔵
0%
オリックス 栃木(2025) 外野手 三方陽登
0%
楽天 徳島(2024) 投手 中込陽翔
0%
楽天 愛媛(2024~25) 捕手 島原大河
0%
楽天 富山(2025) 外野手 幌村黛汰
0%
楽天 石川(2024~25) 外野手 大坪梓恩
0%
西武 徳島(2019) 投手 上間永遠
0%
西武 徳島(2023) 投手 宮澤太成
0%
西武 徳島(2023~25) 投手 斎藤佳紳
0%
西武 徳島(2023) 投手 シンクレア
0%
西武 旭川(2024~25) 投手 ムサ
0%
西武 旭川(2024~25) 投手 フレッド
0%
西武 徳島(2023) 内野手 谷口朝陽
0%
西武 埼玉(2022~23) 内野手 金子功児
0%
西武 群馬(2021~23) 外野手 奥村光一
0%
西武 徳島(2025) 外野手 安藤銀杜
0%
西武 旭川(2024~25) 外野手 カルロス
0%
ロッテ 富山(2023) 投手 大谷輝龍
0%
ロッテ 徳島(2024~25) 投手 髙橋快秀
0%
ロッテ 富山(2023) 外野手 髙野光海
0%
No matching quizzes found
Score Distribution
Percent of People with Each Score
Percentile by Number Answered
Your Score History
You have not taken this quiz since the last reset